Представление документа в формате MARC21

Поле Инд. ПП Название Значение
Тип записи a
Библиографический уровень m
001 Контрольный номер dad1551c-0d3d-4a1c-bf41-0ea7ad60fc14
005 Дата корректировки 20131111235926.4
008 Кодируемые данные 001219 d
020 a ISBN 5-02-000188-0
c Цена, тираж 0.50
040 a Служба первич. каталог. RU-RKP
040 a Служба первич. каталог. НБ ТвГУ
041 a Код языка текста rus
080 a Индекс УДК 530.1
084 a Индекс другой классификации/Индекс ББК В313
a Индекс другой классификации/Индекс ББК В21
090 x Авторский знак Р64
a Полочн. индекс В313
100 1_ a Автор Розенталь Иосиф Леонидович
245 00 a Заглавие Механика как геометрия
c Ответственность И. Л. Розенталь; Отв. ред. Ю. П. Никитин; АН СССР
c Ответственность АН СССР
260 0_ a Место издания Москва
b Издательство Наука
c Дата издания 1990
300 a Объем 89,[3] с.
b Иллюстрации/ тип воспроизводства ил.
c Размеры 20 см
440 a Серия Сер. "Наука и техн. прогресс"
650 a Основная рубрика Механика
650 a Основная рубрика Пространство и время
653 a Ключевые слова Механика
a Ключевые слова Пространство и время
700 1_ a Другие авторы Никитин Ю. П.
e Роль лиц ред.
852 t Порядковый номер экземпляра 3
p Инвентарный номер 624369
p Инвентарный номер 624370
p Инвентарный номер 624380
954 a Дата поступления на обработку 20001219
999 a Подразделение 2 Фил3